[Event "2nd ch-SCG"]
[Site "Pancevo SCG"]
[Date "2006.03.01"]
[Round "3"]
[White "Pikula,D"]
[Black "Kontic,D"]
[Result "1/2-1/2"]
[WhiteElo "2530"]
[BlackElo "2355"]

1.e4 c5 2.Nf3 e6 3.d4 cxd4 4.Nxd4 Nc6 5.Nc3 a6 6.f3 d5 7.exd5 exd5 8.Be3 Bb4
9.Qd2 Nge7 10.a3 Ba5 11.Nb3 Bc7 12.O-O-O Be6 13.Ne2 O-O 14.Ned4 Ne5 15.Kb1 Bc8
16.Qf2 b5 17.Ne2 Nc4 18.Bc5 Be5 19.Ned4 Re8 20.Bxe7 Qxe7 21.Nc6 Qf6 22.Nxe5 Rxe5
23.Qd4 Bb7 24.f4 Rf5 25.g3 Qxd4 26.Nxd4 Rf6 27.Bd3 Nd6 28.Rhe1 Ne4 29.Nb3 Nf2
30.Rd2 Nxd3 31.Rxd3 Re6 32.Rxe6 fxe6 33.Nc5 Bc8 34.a4 Kf7 35.axb5 axb5 36.Rb3 Ra5
37.Rb4 Ke7 38.Nb3 Ra4 39.Rxa4 bxa4 40.Nc5 Kd6 41.Nxa4 Bd7 42.b3 e5 43.Kc1 e4
44.c3 e3 45.Kd1 Bg4+ 46.Ke1 d4 47.cxd4 Kd5 48.b4 Kxd4 49.b5 Bc8 50.Nb6 Bg4
51.Na4 Bc8 52.b6 Ba6 53.f5 Kc4 54.g4 Kb5 55.g5 Kc6 56.b7 Bxb7 57.f6 gxf6
58.gxf6 Kd6 59.Ke2 Bc6 60.Nc3 Ke6 61.Kxe3 Kxf6  1/2-1/2

[Event "U20ch-RUS"]
[Site "Cheboksary RUS"]
[Date "2006.03.03"]
[Round "2"]
[White "Savchenko,B"]
[Black "Vitiugov,N"]
[Result "1-0"]
[WhiteElo "2569"]
[BlackElo "2573"]

1.e4 c5 2.Nf3 e6 3.d4 cxd4 4.Nxd4 Nc6 5.Nc3 Qc7 6.Be3 Nf6 7.Qd2 Bb4 8.f3 Nxd4
9.Qxd4 Bxc3+ 10.bxc3 O-O 11.Qc5 Qb8 12.Qg5 d6 13.Bd3 Qc7 14.O-O e5 15.Qh4 Qxc3
16.Rab1 b6 17.Kh1 Be6 18.f4 Bxa2 19.Rbd1 Nd7 20.Rf3 exf4 21.e5 g6 22.Bxf4 Nxe5
23.Qf6 Rac8 24.Bc4 Nxf3 25.Qxc3 Ne5 26.Rxd6  1-0

[Event "1st ONGC Cup"]
[Site "Hyderabad IND"]
[Date "2006.03.03"]
[Round "8"]
[White "Sengupta,D"]
[Black "Ganguly,S"]
[Result "0-1"]
[WhiteElo "2393"]
[BlackElo "2579"]

1.e4 c5 2.Nf3 e6 3.d4 cxd4 4.Nxd4 Nc6 5.Nc3 Qc7 6.Be3 a6 7.Qd2 Nf6 8.O-O-O Bb4
9.f3 Ne7 10.Nde2 b5 11.a3 Ba5 12.Bf4 e5 13.Bg5 b4 14.axb4 Bxb4 15.Qd3 Rb8
16.Na2 Bc5 17.Kb1 d6 18.Qc3 Be6 19.Nac1 Qb7 20.Nd3 Ba7 21.Qa3 O-O 22.Ng3 Rfc8
23.f4 Bd4 24.fxe5 Rc3 25.Qb4 Rxd3  0-1

[Event "2nd ch-SCG"]
[Site "Pancevo SCG"]
[Date "2006.03.03"]
[Round "5"]
[White "Djukic,Ni"]
[Black "Kontic,D"]
[Result "1/2-1/2"]
[WhiteElo "2523"]
[BlackElo "2355"]

1.e4 c5 2.Nf3 e6 3.d4 cxd4 4.Nxd4 Nc6 5.Nc3 a6 6.Be2 Qc7 7.Be3 Nf6 8.a3 Ne5
9.f4 Nc4 10.Bc1 d5 11.e5 Ne4 12.Nxe4 dxe4 13.O-O b5 14.c3 Bc5 15.a4 Bd7 16.axb5 Bxb5
17.Kh1 Bxd4 18.Qxd4 O-O 19.Qxe4 Rad8 20.b3 Nd2 21.Bxd2 Rxd2 22.c4 Bc6 23.Qe3 Rfd8
24.Rfd1 Rxd1+ 25.Rxd1 Rxd1+ 26.Bxd1 Qa5 27.h3 Qa1 28.Qd3 h6 29.Kh2 Qc1 30.Qd4 a5
31.h4 g6 32.h5 gxh5 33.Be2 Qc2 34.Qe3 h4 35.Bf3 Bxf3 36.Qxf3 a4 37.bxa4 Qxc4
38.a5 Qa4 39.Qc3 Qxf4+ 40.Kh3 h5 41.a6 Qf1 42.Kxh4 Qxa6 43.Kxh5 Qf1 44.Qd2 Qh1+
45.Kg4 Kh7 46.Qf2 Qd1+ 47.Kg5 Qd8+  1/2-1/2

[Event "2nd ch-SCG"]
[Site "Pancevo SCG"]
[Date "2006.03.03"]
[Round "5"]
[White "Vuckovic,Bo"]
[Black "Kovacevic,A"]
[Result "1-0"]
[WhiteElo "2506"]
[BlackElo "2535"]

1.e4 c5 2.Nf3 Nc6 3.d4 cxd4 4.Nxd4 e6 5.Nc3 d6 6.g4 Nge7 7.Nb3 a6 8.Be3 b5
9.Qe2 Na5 10.O-O-O Nc4 11.Bg2 Bb7 12.f4 Qc7 13.Nd4 Qa5 14.Kb1 Rc8 15.Bc1 b4
16.Nd5 exd5 17.exd5 Kd8 18.Rhe1 Qc5 19.Nb3 Qb5 20.Nd4 Qc5 21.Nb3 Qb5 22.Nd4 Qd7
23.f5 Nxd5 24.Bxd5 Bxd5 25.b3 Na3+ 26.Bxa3 bxa3 27.Qxa6 Rc5 28.b4 Rc7 29.Nb5 Bc4
30.Qa8+ Qc8 31.Nxc7 Kxc7 32.Qxa3 Kb7 33.b5 Kb6 34.Rxd6+ Bxd6 35.Qxd6+ Kxb5
36.Ka1 Bxa2 37.Re5+ Ka4 38.Rc5 Qb8 39.Qa6+  1-0

[Event "2nd ch-SCG"]
[Site "Pancevo SCG"]
[Date "2006.03.03"]
[Round "5"]
[White "Pikula,D"]
[Black "Perunovic,Mil"]
[Result "1/2-1/2"]
[WhiteElo "2530"]
[BlackElo "2508"]

1.e4 c5 2.Nf3 e6 3.d4 cxd4 4.Nxd4 Nc6 5.Nc3 Qc7 6.Be3 a6 7.Qd2 Nf6 8.O-O-O Bb4
9.f3 Ne5 10.Nb3 b5 11.Kb1 Be7 12.Qf2 d6 13.g4  1/2-1/2

[Event "56th ch-HUN"]
[Site "Szekesfehervar HUN"]
[Date "2006.03.03"]
[Round "3"]
[White "Szabo,Kr1"]
[Black "Horvath,Ad1"]
[Result "1/2-1/2"]
[WhiteElo "2447"]
[BlackElo "2532"]

1.e4 c5 2.Nf3 e6 3.d4 cxd4 4.Nxd4 Nc6 5.Nc3 Qc7 6.Be3 a6 7.Qd2 Nf6 8.O-O-O Bb4
9.f3 Ne5 10.Nb3 b5 11.Qe1 Be7 12.f4 Ng6 13.e5 Ng4 14.Ne4 O-O 15.Bc5 Bb7 16.Bxe7 Nxe7
17.Nd6 Bd5 18.Bd3 f6 19.Qh4 Nh6 20.Kb1 Ng6 21.Bxg6 hxg6 22.Qg3 fxe5 23.fxe5 Nf5
24.Nxf5 Rxf5 25.Rhe1 Raf8 26.Qe3 Rf2 27.Rd2 Rf1 28.Nc1 Rxe1 29.Qxe1 Rf5 30.Re2 Bc4
31.Re3 Rf1 32.Qd2 Bd5 33.b3 Rg1 34.Re2 Qc5 35.Qg5 Qd4 36.Qxg6 Qf4 37.Qe8+ Kh7
38.Qh5+ Kg8 39.Qe8+ Kh7 40.Qh5+ Qh6 41.Qxh6+ Kxh6 42.g3 Kg5 43.Kb2 Kg4 44.Nd3 Rg2
45.Rxg2 Bxg2 46.Nc5 Kh3 47.Nxd7 Kxh2 48.c4 bxc4 49.bxc4 Kxg3 50.Nf8 Bh3 51.c5 Kf4
52.c6 Bg2 53.c7 Bb7 54.Nxe6+ Kxe5 55.Nxg7 Kd6 56.Nf5+ Kxc7 57.Nd4  1/2-1/2

[Event "2nd Bundesliga Mitte 2005-6"]
[Site "Austria AUT"]
[Date "2006.03.04"]
[Round "8"]
[White "Sandhoefner,F"]
[Black "Horvath,Gy1"]
[Result "0-1"]
[WhiteElo "2272"]
[BlackElo "2430"]

1.e4 c5 2.Nf3 e6 3.d4 cxd4 4.Nxd4 Nc6 5.Nc3 Qc7 6.Nxc6 bxc6 7.Bd3 c5 8.b3 Nf6
9.O-O Bb7 10.f4 Be7 11.e5 Nd5 12.Nxd5 Bxd5 13.c4 Bb7 14.Bb2 g6 15.Qg4 a5
16.a4 Bc6 17.Bc3 Qb7 18.Rab1 Be4 19.Rfd1 O-O 20.Qe2 Bc6 21.Rd2 f5 22.Bc2 Rf7
23.Rd3 Rg7 24.Rg3 Kh8 25.Qd2 Rag8 26.Bxa5 g5 27.fxg5 Bxg5 28.Rxg5 Rxg5 29.g3 Qa8
30.Bb6 Be4 31.Bxc5 Bxc2 32.Qxc2 Rxg3+ 33.hxg3 Rxg3+ 34.Kf1 Qh1+ 35.Ke2 Rg2+  0-1

[Event "U20ch-RUS w"]
[Site "Cheboksary RUS"]
[Date "2006.03.05"]
[Round "4"]
[White "Malysheva,P"]
[Black "Burtasova,A"]
[Result "1-0"]
[WhiteElo "2294"]
[BlackElo "2274"]

1.e4 c5 2.Nf3 e6 3.d4 cxd4 4.Nxd4 Nc6 5.Nc3 Qc7 6.Be2 a6 7.f4 Nxd4 8.Qxd4 b5
9.Be3 Bb7 10.O-O Nf6 11.e5 Nd5 12.Nxd5 Bxd5 13.a4 Rc8 14.axb5 axb5 15.f5 Bc5
16.Qxc5 Qxc5 17.Bxc5 Rxc5 18.fxe6 fxe6 19.Bd3 Ke7 20.b4 Rc7 21.Rf2 Rf8 22.Raf1 Rxf2
23.Rxf2 g6 24.Bxb5 Bc4 25.Ba4 Rb7 26.Rf4 Bd5 27.b5 Ra7 28.b6 Ra5 29.Rb4 Bb7
30.Rd4 Bc8 31.Rxd7+ Bxd7 32.b7 Rxa4 33.b8=Q h5 34.Qd6+ Ke8 35.Qd3 Rg4 36.h3 Rg5
37.Qe4 Rf5 38.g4 hxg4 39.hxg4 Rf8 40.Qxg6+ Kd8 41.Qh6  1-0

[Event "1st ONGC Cup"]
[Site "Hyderabad IND"]
[Date "2006.03.05"]
[Round "10"]
[White "Sareen,V"]
[Black "Prasad,D"]
[Result "1-0"]
[WhiteElo "2380"]
[BlackElo "2411"]

1.e4 c5 2.Nf3 e6 3.d4 cxd4 4.Nxd4 Nc6 5.Nc3 a6 6.Be3 Nf6 7.Bd3 Qc7 8.O-O b5
9.Nxc6 Qxc6 10.a3 Bb7 11.f4 Bc5 12.Bxc5 Qxc5+ 13.Kh1 d6 14.Qe2 e5 15.fxe5 dxe5
16.Rf5 O-O-O 17.a4 b4 18.Nd5 Bxd5 19.exd5 a5 20.Rxe5 Rxd5 21.Rxd5 Qxd5 22.Rd1 Qc5
23.Qf3 Kc7 24.Ba6  1-0

[Event "LXIII ch-POL"]
[Site "Krakow POL"]
[Date "2006.03.05"]
[Round "9"]
[White "Socko,B"]
[Black "Macieja,B"]
[Result "1/2-1/2"]
[WhiteElo "2610"]
[BlackElo "2585"]

1.e4 c5 2.Nf3 e6 3.d4 cxd4 4.Nxd4 Nc6 5.Nc3 Qc7 6.Be3 a6 7.Be2 Nf6 8.a3 b5
9.Nxc6 dxc6 10.f4 Bb7 11.O-O Rd8 12.Qe1 Be7 13.e5 Nd7 14.a4 O-O 15.Qf2 b4
16.Ne4 c5 17.Nd2 Nb6 18.Nc4 Nd5 19.Bd2 Nb6 20.Bc1 Bd5 21.Nd6 Nc8 22.Nc4  1/2-1/2

[Event "55th ch-BUL w"]
[Site "Svilengrad BUL"]
[Date "2006.03.05"]
[Round "5"]
[White "Draganova,P"]
[Black "Velcheva,M"]
[Result "0-1"]
[WhiteElo "2049"]
[BlackElo "2286"]

1.e4 c5 2.Nf3 e6 3.d4 cxd4 4.Nxd4 Nc6 5.Nc3 Qc7 6.Be3 a6 7.Nb3 Nf6 8.Bd3 Ne5
9.f3 Bb4 10.Qd2 d5 11.a3 Bxc3 12.bxc3 dxe4 13.fxe4 Nc4 14.Bxc4 Qxc4 15.O-O-O O-O
16.Qd4 Qxd4 17.Rxd4 e5 18.Rb4 b5 19.Na5 Be6 20.Nc6 Rfe8 21.Nxe5 Bc8 22.Bf4 Bb7
23.Re1 Nxe4 24.c4 g5 25.c5 gxf4 26.c6 Bxc6 27.Nxc6 f5 28.Rf1 Nc3 29.Kd2 Rac8
30.Kxc3 Rxc6+ 31.Kd2 Rec8 32.Rbxf4 Rxc2+ 33.Kd1 Rc1+ 34.Kd2 R8c2+ 35.Kd3 Rxf1
36.Rxf1 Rxg2 37.Rxf5 Rxh2 38.a4 Rh3+ 39.Kc2 bxa4 40.Ra5 a3 41.Rxa6 Kg7 42.Kb1 h5
43.Kc1 Rh1+ 44.Kc2 a2  0-1

[Event "70th ch-BUL"]
[Site "Svilengrad BUL"]
[Date "2006.03.05"]
[Round "6"]
[White "Panbukchian,V"]
[Black "Iotov,V"]
[Result "0-1"]
[WhiteElo "2312"]
[BlackElo "2420"]

1.e4 c5 2.Nf3 e6 3.d4 cxd4 4.Nxd4 Nc6 5.Nc3 Qc7 6.Be2 a6 7.Be3 Nf6 8.O-O Be7
9.f4 d6 10.Qe1 Nxd4 11.Bxd4 b5 12.a3 O-O 13.Qg3 Bb7 14.Rae1 Rad8 15.Kh1 Rd7
16.Bd3 Re8 17.Nd1 Bd8 18.Ne3 g6 19.Ng4 Nxg4 20.Qxg4 e5 21.Bc3 Bf6 22.f5 Bg7
23.f6 Bh8 24.Qg5 Re6 25.Be2 Qd8 26.Qd2 Rxf6 27.Bg4 Rxf1+ 28.Rxf1 Re7 29.Re1 Re8
30.Ba5 Qe7 31.Bf3 Bg7 32.Rd1 Bf8 33.Qe3 Bc6 34.Bb4 Qc7 35.Qd2 Qb7 36.Qe2 Re6
37.c4 h5 38.h3 Qb6 39.cxb5 Bxb5 40.Qd2 Re8 41.Rc1 Bd7 42.Ba5 Qb3 43.Bb4 Qe6
44.Be2 Bb5 45.Bxb5 axb5 46.Rc7 Rc8 47.Rb7 Qc4 48.Qf2 Bh6 49.Kh2 Bf4+  0-1

[Event "XXII Open"]
[Site "Reykjavik ISL"]
[Date "2006.03.06"]
[Round "1"]
[White "Erenburg,S"]
[Black "Einarsson,B"]
[Result "1-0"]
[WhiteElo "2573"]
[BlackElo "2245"]

1.e4 c5 2.Nf3 e6 3.d4 cxd4 4.Nxd4 Nc6 5.Nc3 Qc7 6.Be3 a6 7.Qd2 Nf6 8.O-O-O Bb4
9.f3 Ne5 10.Nb3 b5 11.Kb1 Be7 12.Qf2 d6 13.Bb6 Qb8 14.Bd4 Nc6 15.Be3 Bd7
16.g4 Ne5 17.g5 Nh5 18.Rg1 b4 19.Ne2 Nc4 20.Bc1 Qc7 21.Ng3 Nxg3 22.Rxg3 e5
23.f4 exf4 24.Bxf4 Ne5 25.Nd4 g6 26.Bh3 Bxh3 27.Rxh3 Qc5 28.Rf1 Ng4 29.Qg1 Ne5
30.Be3 Rc8 31.Qf2 Qc4 32.b3 Qc3 33.Rg3 Qc7 34.Bf4 O-O 35.h4 Qb7 36.Qe2 Rc3
37.Rxc3 bxc3 38.Nf3 f6 39.gxf6 Bxf6 40.Bh6 Bg7 41.Nxe5 Rxf1+ 42.Qxf1 Bxh6
43.Qc4+ Kf8 44.Nc6 Qb6 45.Nd4 Bd2 46.a4 Kg7 47.Ka2 Kh6 48.b4 Be3 49.Ne6 Bd2
50.a5 Qg1 51.Qc7 Qd1 52.Qg7+ Kh5 53.Qxh7+ Bh6 54.Ng7+ Kxh4 55.Kb3 Qb1+ 56.Kc4 Qa2+
57.Kd3 Kg5 58.Ne8 Qe6 59.Qh8 Qh3+ 60.Kd4 Kg4 61.Qf6 Qe3+ 62.Kd5 Qd2+ 63.Kc4 Qxc2
64.Qxg6+ Bg5 65.Nf6+ Kf3 66.Qh5+  1-0

[Event "ch-EST w"]
[Site "Tallinn EST"]
[Date "2006.03.06"]
[Round "3"]
[White "Bashkite,V"]
[Black "Fomina,T"]
[Result "1-0"]
[WhiteElo "2217"]
[BlackElo "2196"]

1.e4 c5 2.Nf3 e6 3.d4 cxd4 4.Nxd4 Nc6 5.Nc3 Bb4 6.Nb5 d5 7.exd5 exd5 8.Bf4 d4
9.Nc7+ Kf8 10.a3 Bxc3+ 11.bxc3 Nf6 12.Nxa8 Nd5 13.Qf3 Be6 14.c4 Nxf4 15.Qxf4 Qxa8
16.Bd3 Qd8 17.O-O h5 18.Rab1 g5 19.Qe4 Qd7 20.f4 gxf4 21.Qxf4 Rg8 22.Qh6+ Ke8
23.Qxh5 Qc7 24.Rbe1 Kd8 25.Rf2 Qd6 26.Qh4+ Kc8 27.Qf6 Re8 28.Bf5 Nd8 29.Rf3 Qc5
30.Rd3 Qxc4 31.Rxd4 Qc5 32.Bxe6+ Nxe6 33.Kh1 b5 34.Qxf7 Re7 35.Qg8+ Kc7 36.Rde4 Qf2
37.R4e2 Qh4 38.h3  1-0

[Event "XXII Open"]
[Site "Reykjavik ISL"]
[Date "2006.03.07"]
[Round "2"]
[White "Kjartansson,G"]
[Black "Steingrimsson,H"]
[Result "0-1"]
[WhiteElo "2287"]
[BlackElo "2439"]

1.e4 c5 2.Nf3 e6 3.d4 cxd4 4.Nxd4 Nc6 5.Nc3 Qc7 6.Be3 a6 7.Bd3 Nf6 8.O-O Ne5
9.Bf4 d6 10.Bg5 Be7 11.Kh1 h6 12.Bxf6 Bxf6 13.f4 Nxd3 14.Qxd3 O-O 15.f5 b5
16.a4 Qc4 17.Rfd1 Qxd3 18.Rxd3 Bd7 19.axb5 axb5 20.Rxa8 Rxa8 21.Kg1 b4 22.Nd1 Kf8
23.Kf2 Ke7 24.Ke2 Ra2 25.g4 e5 26.Rb3 exd4 27.Rxb4 Bc6 28.Nf2 Ra1  0-1

[Event "56th ch-HUN"]
[Site "Szekesfehervar HUN"]
[Date "2006.03.07"]
[Round "7"]
[White "Cao,S"]
[Black "Horvath,Ad1"]
[Result "1-0"]
[WhiteElo "2543"]
[BlackElo "2532"]

1.e4 c5 2.Nf3 e6 3.Nc3 Nc6 4.d4 cxd4 5.Nxd4 a6 6.Be3 Nf6 7.Bd3 Qc7 8.Qd2 b5
9.O-O-O Bb7 10.f3 Ne5 11.Bxb5 axb5 12.Ndxb5 Qc6 13.Qd4 Nc4 14.Bf4 Bb4 15.Nc7+ Ke7
16.e5 Bxc3 17.exf6+ gxf6 18.Qxc3 Rxa2 19.b3 Na3 20.Bd6+  1-0

[Event "XXII Open"]
[Site "Reykjavik ISL"]
[Date "2006.03.08"]
[Round "3"]
[White "Ziska,H"]
[Black "Ivanisevic,I"]
[Result "0-1"]
[WhiteElo "2286"]
[BlackElo "2588"]

1.e4 c5 2.Nf3 e6 3.d4 cxd4 4.Nxd4 Nc6 5.Nc3 Qc7 6.Be3 a6 7.Bd3 Nf6 8.O-O h5
9.h3 b5 10.Nxc6 Qxc6 11.Be2 Qc7 12.Bf3 Rb8 13.e5 Qxe5 14.Ba7 Bd6 15.g3 Bc5
16.Bxb8 Qxb8 17.Kg2 d5 18.Re1 Kf8 19.a3 g5 20.b4 Ba7 21.Qe2 Qc7 22.Qd2 g4
23.hxg4 hxg4 24.Bxd5 Nxd5 25.Nxd5 Bb7  0-1

[Event "FSGM March"]
[Site "Budapest HUN"]
[Date "2006.03.09"]
[Round "6"]
[White "Rojas,L"]
[Black "Fogarasi,T"]
[Result "1-0"]
[WhiteElo "2423"]
[BlackElo "2481"]

1.e4 c5 2.Nf3 e6 3.d4 cxd4 4.Nxd4 Nc6 5.Nc3 a6 6.Be3 Nf6 7.Qd2 Bb4 8.f3 d5
9.a3 Qa5 10.Nb3 Bxc3 11.bxc3 Qc7 12.Bd3 dxe4 13.fxe4 O-O 14.O-O Ng4 15.Bf4 e5
16.Bg3 Be6 17.h3 Qb6+ 18.Kh1 Ne3 19.Rfb1 Nc4 20.Qe2 Nd6 21.Bf2 Qc7 22.Nc5 Bc8
23.Na4 b5 24.Nb6 Rb8 25.Nd5 Qd8 26.a4 Be6 27.axb5 axb5 28.Ra6 Ne7 29.Bc5 Nec8
30.c4 Bxd5 31.cxd5 f5 32.exf5 e4 33.Bxe4 Re8 34.Rb4 Qg5 35.Qf3 Nc4 36.f6 Rb7
37.Re6 Rd8 38.Bd3 N8d6 39.Bxc4 Nxc4 40.Be7  1-0

[Event "ch-USA GpB"]
[Site "San Diego USA"]
[Date "2006.03.09"]
[Round "7"]
[White "Shabalov,A"]
[Black "Kreiman,B"]
[Result "1/2-1/2"]
[WhiteElo "2595"]
[BlackElo "2478"]

1.e4 c5 2.Nf3 Nc6 3.d4 cxd4 4.Nxd4 e6 5.Nc3 d6 6.Be3 a6 7.g4 Nge7 8.Nb3 Ng6
9.Qe2 Be7 10.O-O-O b5 11.f4 Bd7 12.h4 Nxh4 13.Rxh4 Bxh4 14.g5 e5 15.Qh2 exf4
16.Qxf4 Bxg5 17.Qxg5 Qxg5 18.Bxg5 f6 19.Be3 Ke7 20.Nd5+ Kf7 21.Nc7 Bg4 22.Rd2 Rac8
23.Nxa6 Rhe8 24.Bxb5 Rxe4 25.Bf2 Ne5 26.Nd4 h5 27.b3 g5 28.Bf1 Nf3 29.Nxf3 Bxf3
30.Rxd6 h4 31.Kb2 Rh8 32.Nc5 h3 33.Nxe4 Bxe4 34.Bxh3 Rxh3 35.Bd4 f5 36.Rf6+ Ke7
37.Rg6 g4 38.Be5 Re3 39.c4 Re2+ 40.Kc3 Rxa2 41.b4 Kf7 42.Rf6+ Ke7 43.b5 g3
44.Rg6 g2 45.b6 Ra1 46.Bd4 Rc1+ 47.Kb4 Rd1 48.Kc5 f4 49.Rg4 Ke6 50.Bf2 Kf5
51.Rg7 Rd2 52.Bg1 f3 53.Rg8 Rd1 54.Be3 Re1 55.Kd4 Rd1+ 56.Kc5 Bb7 57.Rg7 Ke4
58.Bf2 Rd2 59.Bg1 f2 60.Bxf2 Rxf2 61.Kd6 Rc2 62.Kc7 Ba6 63.b7 Bxb7 64.Kxb7 Kf3
65.Rf7+ Ke3 66.Rg7 Kf2 67.Rf7+ Kg1 68.Rc7 Kf2 69.Rf7+ Kg3 70.Rg7+ Kf3 71.Rf7+ Ke2
72.Rg7 Kf1 73.Rf7+ Kg1 74.Rc7 Rc3 75.c5 Rb3+ 76.Ka8 Ra3+ 77.Kb7 Rb3+ 78.Ka8 Kf2
79.Rf7+ Rf3 80.Rxf3+ Kxf3 81.c6 g1=Q 82.c7  1/2-1/2

[Event "FIDE WCh Women KO"]
[Site "Ekaterinburg RUS"]
[Date "2006.03.11"]
[Round "1.1"]
[White "Pourkashiyan,A"]
[Black "Cmilyte,V"]
[Result "1/2-1/2"]
[WhiteElo "2296"]
[BlackElo "2475"]

1.e4 c5 2.Nf3 e6 3.d4 cxd4 4.Nxd4 Nc6 5.Nc3 Qc7 6.g3 a6 7.Bg2 Nf6 8.O-O Nxd4
9.Qxd4 Bc5 10.Qd3 O-O 11.Bf4 d6 12.Rad1 Ne8 13.Na4 e5 14.Nxc5 exf4 15.Nb3 fxg3
16.hxg3 Be6 17.Rfe1 Rc8 18.Nd4 Bg4 19.Rd2 Nf6 20.Nf5 Bxf5 21.exf5 h6 22.c3 Rfe8
23.Red1 Rcd8 24.Qd4 Rd7 25.Qb4 a5 26.Qf4 Re5 27.g4 Qc5 28.Qd4 Qxd4 29.Rxd4 Re2
30.Rb1 Rc2 31.Bf3 Re7 32.Kg2 d5 33.Bd1 Rce2 34.Bxe2 Rxe2 35.Kf3 Re5 36.Rbd1 h5
37.Kf4 Re2 38.R1d2 Re1 39.gxh5 Nxh5+ 40.Kf3 Nf6 41.Re2 Rb1 42.Ke3 Rh1 43.b4 a4
44.c4 dxc4 45.Rxc4 Rb1 46.Kd4 b5 47.Rc8+ Kh7 48.f4 Rxb4+ 49.Kd3 g6 50.fxg6+ Kxg6
51.Rg2+ Kf5 52.Rc5+ Ke6 53.Rc6+ Kf5 54.Rc5+ Ke6 55.Rc6+ Kf5  1/2-1/2

[Event "Bundesliga 2005-6"]
[Site "Kirchheim GER"]
[Date "2006.03.11"]
[Round "12"]
[White "Zuse,KP"]
[Black "Loeffler,S"]
[Result "1/2-1/2"]
[WhiteElo "2333"]
[BlackElo "2440"]

1.e4 c5 2.Nf3 e6 3.d4 cxd4 4.Nxd4 Nc6 5.Nc3 Qb6 6.Nb3 Nf6 7.Be3 Qc7 8.Qd2 Bb4
9.f3 d5 10.a3 Bxc3 11.Qxc3 dxe4 12.fxe4 O-O 13.Bd3 Ng4 14.Bg1 Qe5 15.Qxe5 Ngxe5
16.O-O-O b6 17.Nd4 Bb7 18.Nxc6 Bxc6 19.Bd4 Nxd3+ 20.cxd3 Rad8 21.Bc3 f5 22.exf5 exf5
23.Rhe1 f4 24.Rd2 Rf5 25.Re5 Rd5 26.Rde2 Bb5 27.Rxd5 Rxd5 28.Re5 Bc6 29.Rxd5 Bxd5
30.g3 f3 31.Kd2 Kf7 32.h4 g6 33.Ke3 Ke6 34.Be1 Kf5 35.Bc3 Bb7 36.Be1 Kg4
37.d4 Bd5 38.Kf2 a5 39.Ke3 Kf5 40.Bf2 Kg4 41.Be1 Bb7 42.Kf2 Kf5 43.Ke3 Ke6
44.Bf2 h6 45.Be1 Bd5 46.Bf2 Kd6 47.Kd3 Kc6 48.Bg1 Kb5 49.Bf2 Ka4 50.Kc3 b5
51.Bg1 b4+ 52.axb4 axb4+ 53.Kd2 Kb3 54.Kc1 Be4 55.Bf2 Bf5 56.Bg1 Kc4 57.Kd2 Kb3  1/2-1/2

[Event "XXII Open"]
[Site "Reykjavik ISL"]
[Date "2006.03.11"]
[Round "6"]
[White "Olafsson,Thorv"]
[Black "Bjarnason,S"]
[Result "1/2-1/2"]
[WhiteElo "2132"]
[BlackElo "2240"]

1.e4 c5 2.Nf3 e6 3.d4 cxd4 4.Nxd4 Nc6 5.Nc3 Qc7 6.g3 a6 7.Bg2 Nf6 8.O-O Nxd4
9.Qxd4 Bc5 10.Bf4 d6 11.Qd2 h6 12.Na4 e5 13.Nxc5 dxc5 14.Be3 Ng4  1/2-1/2

[Event "TCh-BEL 2005-6"]
[Site "Belgium BEL"]
[Date "2006.03.12"]
[Round "10"]
[White "Bolzoni,V"]
[Black "Maes,W"]
[Result "0-1"]
[WhiteElo "2222"]
[BlackElo "2283"]

1.e4 c5 2.Nf3 e6 3.d4 cxd4 4.Nxd4 Nc6 5.Nc3 Qc7 6.g3 a6 7.Bg2 Nf6 8.Nde2 d6
9.O-O b5 10.a3 Bb7 11.b3 Be7 12.Bb2 O-O 13.Re1 Rfd8 14.Nf4 Ne5 15.Re2 Bf8
16.Rd2 Rac8 17.Nd3 Ned7 18.a4 Qb6 19.Qe2 Ba8 20.axb5 axb5 21.Rxa8 Rxa8 22.e5 dxe5
23.Bxa8 Rxa8 24.Nxe5 Nxe5 25.Qxe5 b4 26.Ne4 Nxe4 27.Qxe4 Rd8 28.Rxd8 Qxd8
29.Qd4 Qa5 30.Qc4 h6 31.Bd4 Qa8 32.c3 Qa1+ 33.Kg2 Qa8+ 34.Kg1 Qa1+ 35.Kg2 Qa8+
36.f3 Qb7 37.cxb4 Bxb4 38.Bc3 Bxc3 39.Qxc3 Qa6 40.Qc4 Qa2+ 41.Kh3 Qf2 42.Qd3 Qc5
43.Kg2 Qb4 44.h4 h5 45.Kf1 g6 46.Ke2 Qb6 47.Qe3 Qa6+ 48.Kd2 Qd6+ 49.Kc3 Qc7+
50.Kd3 Qxg3 51.b4 Qxh4 52.b5 Qb4 53.Qe5 h4 54.Ke3 h3 55.Qb8+ Kh7 56.Qc7 Qe1+
57.Kf4 Qh4+ 58.Ke3 Kg7 59.Qh2 Qg5+ 60.Kf2 Qxb5 61.Qxh3 e5 62.Qh4 Qb6+ 63.Kg2 Qf6
64.Qb4 Qf5 65.Qb2 g5 66.Qe2 Qf4 67.Qd1 Qd4 68.Qc1 Qf4 69.Qd1 Qf5 70.Qe2 Kg6
71.Kh2 Qe6 72.Qc2+ f5 73.Kg3 e4 74.fxe4 Qxe4 75.Qc8 Qe3+ 76.Kg2 Qe2+ 77.Kg1 g4
78.Qg8+ Kf6 79.Qf8+ Kg5 80.Qd8+ Kf4 81.Qd6+ Kf3 82.Qd5+ Qe4 83.Qd1+ Kg3 84.Qd2 Qb1+  0-1

[Event "TCh-BEL 2005-6"]
[Site "Belgium BEL"]
[Date "2006.03.12"]
[Round "10"]
[White "Penson,T"]
[Black "Goormachtigh,J"]
[Result "0-1"]
[WhiteElo "2250"]
[BlackElo "2231"]

1.e4 c5 2.Ne2 Nc6 3.Nbc3 e6 4.d4 cxd4 5.Nxd4 Qc7 6.g3 a6 7.Bg2 Nf6 8.O-O Nxd4
9.Qxd4 Bc5 10.Qd3 Ng4 11.Qe2 h5 12.Bf3 Ne5 13.Bxh5 b5 14.Bf4 Bb7 15.Rfe1 O-O-O
16.Bf3 Rdg8 17.Bg2 g5 18.Bd2 g4 19.a4 b4 20.Nd1 Nf3+ 21.Bxf3 gxf3 22.Qxf3 f5
23.Bf4 e5 24.Bd2 fxe4 25.Qe2 Rxg3+ 26.hxg3 e3 27.f3 exd2+ 28.Kg2  0-1

[Event "Bundesliga 2005-6"]
[Site "Godesberg GER"]
[Date "2006.03.12"]
[Round "13"]
[White "Langheinrich,F"]
[Black "Pelletier,Y"]
[Result "0-1"]
[WhiteElo "2382"]
[BlackElo "2579"]

1.e4 c5 2.Nf3 e6 3.d4 cxd4 4.Nxd4 Nc6 5.Nc3 Qc7 6.Be2 a6 7.O-O Nf6 8.Be3 Bb4
9.Na4 O-O 10.Nxc6 bxc6 11.Nb6 Rb8 12.Nxc8 Rfxc8 13.Bxa6 Rf8 14.Bd3 Bd6 15.g3 Be5
16.c4 Bxb2 17.Rb1 c5 18.Qc2 Bd4 19.Bf4 e5 20.Bd2 Ng4 21.Rb5 f5 22.Rxb8 Rxb8
23.exf5 Rb2 24.Qc1 Qb7 25.Qd1 Bxf2+ 26.Rxf2 Qh1+  0-1

[Event "Bundesliga 2005-6"]
[Site "Kirchheim GER"]
[Date "2006.03.12"]
[Round "13"]
[White "Rudolf,Hen"]
[Black "Adler,J"]
[Result "0-1"]
[WhiteElo "2346"]
[BlackElo "2331"]

1.e4 c5 2.Nf3 Nc6 3.d4 cxd4 4.Nxd4 e6 5.Nc3 Qc7 6.Be2 a6 7.O-O Nf6 8.a4 Nxd4
9.Qxd4 Bd6 10.g3 O-O 11.Be3 Be5 12.Qd3 Bxc3 13.bxc3 d5 14.exd5 Nxd5 15.Bd2 Bd7
16.c4 Nf6 17.Bb4 Rfc8 18.Bd6 Qd8 19.Rfd1 Bc6 20.Qe3 Qa5 21.Rd4 b5 22.Be5 Ne8
23.cxb5 axb5 24.Bd3 bxa4 25.Rh4 f5 26.c4 Rd8 27.Bd4 e5 28.Bb2 e4 29.Bf1 Qd2
30.Qb6 Rdc8 31.Ba3 Rab8 32.Qc5 Nf6 33.Qxf5 Qc3 34.Qe6+ Kh8 35.Rb1 Bd7  0-1

[Event "Bundesliga 2005-6"]
[Site "Kirchheim GER"]
[Date "2006.03.12"]
[Round "13"]
[White "Borriss,M"]
[Black "Tompa,J"]
[Result "1/2-1/2"]
[WhiteElo "2439"]
[BlackElo "2408"]

1.e4 c5 2.Nf3 e6 3.d4 cxd4 4.Nxd4 Nc6 5.Nc3 Qc7 6.Be2 a6 7.O-O Nf6 8.Be3 Bb4
9.Na4 Be7 10.Nxc6 bxc6 11.Nb6 Rb8 12.Nxc8 Qxc8 13.Bd4 c5 14.Be5 Rb6 15.b3 O-O
16.Qd3 d6 17.Bb2 Nd7 18.Rad1 Bf6 19.Bc1 Ne5 20.Qg3 Qb7 21.f4 Nc6 22.c3 Qc7
23.h4 Qe7 24.h5 h6 25.Rf3 Bh4 26.Qg4 e5 27.g3 Bf6 28.Qf5 Re8 29.Bc4 Nd8 30.Bd5 exf4
31.gxf4 Ne6 32.Rdf1 Nc7 33.Re3 Nxd5 34.exd5 Qd8 35.Rfe1 Rxe3 36.Rxe3 Rb7
37.Kf2 a5 38.Kf3 Re7 39.Rxe7 Qxe7 40.Qc8+ Kh7 41.Qf5+ Kg8 42.Bd2 Qe8 43.a4 Qb8
44.Qd7 Qxb3 45.Qc8+ Kh7 46.Qf5+  1/2-1/2

[Event "XXII Open"]
[Site "Reykjavik ISL"]
[Date "2006.03.12"]
[Round "7"]
[White "Panchanathan,M"]
[Black "Einarsson,B"]
[Result "1-0"]
[WhiteElo "2494"]
[BlackElo "2245"]

1.e4 c5 2.Nf3 e6 3.d4 cxd4 4.Nxd4 Nc6 5.Nc3 Qc7 6.Be3 a6 7.Be2 b5 8.Nxc6 Qxc6
9.Bf3 Bb7 10.O-O Rc8 11.a4 b4 12.e5 Qc7 13.Ne4 Qxe5 14.Nf6+ Nxf6 15.Bxb7 Rc4
16.h3 Bd6 17.g3 Bc5 18.Bxc5 Rxc5 19.Bxa6 O-O 20.Bd3 Ra8 21.b3 d5 22.Re1 Qc7
23.Qe2 Nd7 24.Rad1 Rc3 25.Qg4 Rb8 26.Kg2 Nc5 27.Bb5 Ne4 28.Rxe4 f5 29.Rc4 fxg4
30.Rxc7 gxh3+ 31.Kxh3 Rxc7 32.Bd3 Rc5 33.Re1 Kf7 34.Kg4 Kf6 35.f4 g6 36.Rh1 Rb7
37.Re1 Re7 38.Ra1 Ra5 39.Rf1 h6 40.Rf2 Rc5 41.Rf1 Rec7 42.Ra1 Ra5 43.Rh1 Rh7
44.Kf3 h5 45.Ke3 Re7 46.Kd4 Rc7 47.Re1 Rh7 48.Rg1 Rg7 49.Rh1 Re7 50.Bb5 Rc7
51.Rh2 Rc3 52.Bd3 Rc7 53.Rh4 Re7 54.g4 e5+ 55.fxe5+ Kg5 56.Rh1 hxg4 57.Bb5 g3
58.Kxd5 Kf4 59.e6 g2 60.Ra1 Kf5 61.Rg1 Rxe6 62.Rxg2 Re5+ 63.Kc4 Re4+ 64.Kc5 Kf6
65.Kb6 Ra8 66.Bd3 Re6+ 67.Kc5 Re5+ 68.Kxb4 g5 69.Bb5 Rg8 70.a5 g4 71.a6 g3
72.Ka5 Rf5 73.a7 Rf3 74.Bc6  1-0

[Event "ch-BLR"]
[Site "Minsk BLR"]
[Date "2006.03.13"]
[Round "10"]
[White "Fedorov,Alex"]
[Black "Teterev,V"]
[Result "1-0"]
[WhiteElo "2608"]
[BlackElo "2507"]

1.e4 c5 2.Nf3 Nc6 3.d4 cxd4 4.Nxd4 e6 5.Nc3 Qc7 6.Be3 a6 7.Bd3 Nf6 8.O-O b5
9.Nxc6 Qxc6 10.f3 b4 11.Ne2 Bc5 12.Qd2 O-O 13.Kh1 Bxe3 14.Qxe3 e5 15.a3 bxa3
16.Rxa3 Rb8 17.b3 Re8 18.Ra5 d6 19.Rfa1 Nd7 20.Qd2 Nc5 21.Bc4 Be6 22.Bxe6 fxe6
23.b4 Nd7 24.Rxa6 Rb6 25.Ra7 Reb8 26.c3 h6 27.Qa2 d5 28.exd5 exd5 29.f4 Kh8
30.Qa4 Nf6 31.Qxc6 Rxc6 32.fxe5 Ne4 33.Ra8 Rxa8 34.Rxa8+ Kh7 35.h3 Re6 36.Nd4 Rxe5
37.Rc8 Nd2 38.Kg1 Re3 39.Kf2 Rxc3 40.Rxc3 Ne4+ 41.Ke3 Nxc3 42.b5 Na4 43.Ne6 Kg6
44.Kd4 h5 45.Nf4+ Kg5 46.Nxd5 Kh4 47.Kc4 Kg3 48.Kb4 Nb2 49.b6 Nd3+ 50.Kb5 Ne5
51.b7 Nd7 52.Kc6  1-0